000 00508nam a2200169Ia 4500
008 230917s9999||||xx |||||||||||||| ||und||
020 _cRS 995.00
040 _e5012656
_aMAIN
041 _aEnglish
082 _a200 P886R
100 _aPrasad, Anirudh
245 0 _aReligiosity, secularity, scientific-temper and welfare of all the creatures
260 _aNew Delhi
_bSatyam Law International
_c2022
300 _axxiii, 383 p.
500 _a4573 11/10/2022 RK22/1714 14/10/2022 Main Budget
942 _cBK
999 _c5746
_d5746